| 000 | 01360nam a2200265 a 4500 | ||
|---|---|---|---|
| 999 |
_c447622 _d447622 |
||
| 003 | BLK | ||
| 005 | 20230628135259.0 | ||
| 008 | 220308b bu |||||||||| 00| | bu d | ||
| 040 | _aBLK | ||
| 041 |
_aBUL _cBUL |
||
| 080 |
_aФестивали, музикални празнества _b7.091.4 _x(497.215)(062) _z7.091.4(497.215)(062) |
||
| 139 |
_aМеждународен фестивал Мартенски музикални дни _bМ 45 |
||
| 245 |
_aМеждународен фестивал Мартенски музикални дни _bРусе : 1961 - 1979 _cсъстав. Силви Стамболиев, Ива Чавдарова ; глав. ред. Димитър Градев _h[Малотир. изд.] |
||
| 260 |
_9219162 _aб. м. _bЦентър за пропаганда и информ. при държ. обединение Театър и музика _cб. г. |
||
| 300 |
_a80 с. _c20 см |
||
| 380 | _a7 | ||
| 653 | 7 |
_9190575 _aМартенски музикални дни |
|
| 653 | 7 |
_9190804 _aмеждународни фестивали |
|
| 653 | 7 |
_9195843 _aРусе |
|
| 700 |
_91478 _aСтамболиев, Силви _eсъстав. |
||
| 700 |
_91478 _aЧавдарова, Ива _eсъстав. |
||
| 700 |
_9523 _aГрадев, Димитър _eглав. ред. |
||
| 852 |
_bК _cК 78/М 45 |
||
| 942 |
_cKNG _n0 _s1 _01 |
||